00297nam a22001217a 4500008004100000020001800041100001600059245004000075250001300115260002700128300000800155546001200163230523b |||||||| |||| 00| 0 eng d a9789391211264 aD. F. Mulla aMullas Principles of Mohomedan Law  a23rd Ed. aHaryanabLN Pub.c2022 a872 aEnglish